| 000 | 00523nam a2200169 i 4500 | ||
|---|---|---|---|
| 001 | 103781 | ||
| 003 | ES-MaACL | ||
| 005 | 20230906183437.0 | ||
| 007 | t| | ||
| 008 | 051118s1916 ck ||||1| spa d | ||
| 100 | 1 |
_aMesa Ortiz, Rafael M. _980640 |
|
| 245 | 1 | 0 |
_aColombianos ilustres _b: (estudios y biografias) / _cRafael M. Mesa Ortiz. |
| 260 |
_aBogotá : _b[s.n.], _c1916 ( _fImp. La República) |
||
| 300 |
_a2 v. : _bil. ; _c25 cm. |
||
| 650 | 4 |
_aColombianos- _xBiografías. _9170397 |
|
| 852 |
_aES-MaACL _jF-1324-25 |
||
| 999 |
_c103781 _d103781 |
||